<?xml version="1.0" encoding="UTF-8"?>
<record
    xmlns:xsi="http://www.w3.org/2001/XMLSchema-instance"
    xsi:schemaLocation="http://www.loc.gov/MARC21/slim http://www.loc.gov/standards/marcxml/schema/MARC21slim.xsd"
    xmlns="http://www.loc.gov/MARC21/slim">

  <leader>01659cam a2200349 a 4500</leader>
  <controlfield tag="001">11984806</controlfield>
  <controlfield tag="005">20220326193309.0</controlfield>
  <controlfield tag="008">991001s1997    cr ab        f000 0 spa d</controlfield>
  <datafield tag="010" ind1=" " ind2=" ">
    <subfield code="a">   00315583 </subfield>
  </datafield>
  <datafield tag="020" ind1=" " ind2=" ">
    <subfield code="a">9977591164</subfield>
  </datafield>
  <datafield tag="035" ind1=" " ind2=" ">
    <subfield code="a">(OCoLC)ocm42470611</subfield>
  </datafield>
  <datafield tag="040" ind1=" " ind2=" ">
    <subfield code="a">CUS</subfield>
    <subfield code="c">CUS</subfield>
    <subfield code="d">DLC</subfield>
  </datafield>
  <datafield tag="042" ind1=" " ind2=" ">
    <subfield code="a">lccopycat</subfield>
  </datafield>
  <datafield tag="082" ind1=" " ind2=" ">
    <subfield code="a">306</subfield>
    <subfield code="b">S677s</subfield>
  </datafield>
  <datafield tag="100" ind1=" " ind2=" ">
    <subfield code="a">Rodr&#xED;guez Ramsbottom, Nydia.</subfield>
    <subfield code="9">1927</subfield>
  </datafield>
  <datafield tag="245" ind1="0" ind2="0">
    <subfield code="a">Sobre las huellas de la cultura nacional /</subfield>
    <subfield code="c">[investigaci&#xF3;n y edici&#xF3;n, Nydia Rodr&#xED;guez Ramsbottom].</subfield>
  </datafield>
  <datafield tag="250" ind1=" " ind2=" ">
    <subfield code="a">1. ed.</subfield>
  </datafield>
  <datafield tag="260" ind1=" " ind2=" ">
    <subfield code="a">[San Jos&#xE9;?] :</subfield>
    <subfield code="b">Ministerio de Cultura, Juventud y Deportes,</subfield>
    <subfield code="c">1997.</subfield>
  </datafield>
  <datafield tag="300" ind1=" " ind2=" ">
    <subfield code="a">171 p. :</subfield>
    <subfield code="b">ill. (some col.), 1 col. map ;</subfield>
    <subfield code="c">31 cm.</subfield>
  </datafield>
  <datafield tag="505" ind1=" " ind2=" ">
    <subfield code="t">Presentaci&#xF3;n</subfield>
    <subfield code="t">Prologo</subfield>
    <subfield code="t">Cap 1: Estructura Organizadativa del sector cultural </subfield>
    <subfield code="t">Cap 2: Organizaciones Culturales </subfield>
    <subfield code="t">Cap 3: Patrimonio Cultural </subfield>
    <subfield code="t">Cap 4: Tradiciones Populares: Artesania, festivales,carnavales y conmemoraciones.  </subfield>
    <subfield code="t">Cap 5: Deporte y Recreacion </subfield>
  </datafield>
  <datafield tag="650" ind1=" " ind2="0">
    <subfield code="a">Learned institutions and societies</subfield>
    <subfield code="z">Costa Rica.</subfield>
    <subfield code="9">1928</subfield>
  </datafield>
  <datafield tag="650" ind1=" " ind2="0">
    <subfield code="a">Cultural property</subfield>
    <subfield code="z">Costa Rica</subfield>
    <subfield code="x">Societies, etc.</subfield>
    <subfield code="9">1929</subfield>
  </datafield>
  <datafield tag="650" ind1=" " ind2="0">
    <subfield code="a">Arts</subfield>
    <subfield code="z">Costa Rica</subfield>
    <subfield code="x">Societies, etc.</subfield>
    <subfield code="9">1930</subfield>
  </datafield>
  <datafield tag="650" ind1=" " ind2="0">
    <subfield code="a">Museums</subfield>
    <subfield code="z">Costa Rica</subfield>
    <subfield code="x">Societies, etc.</subfield>
    <subfield code="9">1931</subfield>
  </datafield>
  <datafield tag="650" ind1=" " ind2="0">
    <subfield code="a">Popular culture</subfield>
    <subfield code="z">Costa Rica</subfield>
    <subfield code="x">Societies, etc.</subfield>
    <subfield code="9">1932</subfield>
  </datafield>
  <datafield tag="650" ind1=" " ind2="0">
    <subfield code="a">Associations, institutions, etc.</subfield>
    <subfield code="z">Costa Rica.</subfield>
    <subfield code="9">1933</subfield>
  </datafield>
  <datafield tag="651" ind1=" " ind2="0">
    <subfield code="a">Costa Rica</subfield>
    <subfield code="x">Civilization</subfield>
    <subfield code="x">Societies, etc.</subfield>
    <subfield code="9">1934</subfield>
  </datafield>
  <datafield tag="700" ind1="1" ind2=" ">
    <subfield code="a">Rodr&#xED;guez Ramsbottom, Nydia.</subfield>
    <subfield code="9">1935</subfield>
  </datafield>
  <datafield tag="710" ind1="1" ind2=" ">
    <subfield code="a">Costa Rica.</subfield>
    <subfield code="b">Ministerio de Cultura, Juventud y Deportes.</subfield>
    <subfield code="9">1936</subfield>
  </datafield>
  <datafield tag="906" ind1=" " ind2=" ">
    <subfield code="a">7</subfield>
    <subfield code="b">cbc</subfield>
    <subfield code="c">copycat</subfield>
    <subfield code="d">3</subfield>
    <subfield code="e">ncip</subfield>
    <subfield code="f">20</subfield>
    <subfield code="g">y-gencatlg</subfield>
  </datafield>
  <datafield tag="999" ind1=" " ind2=" ">
    <subfield code="c">403</subfield>
    <subfield code="d">403</subfield>
  </datafield>
  <datafield tag="952" ind1=" " ind2=" ">
    <subfield code="0">0</subfield>
    <subfield code="1">0</subfield>
    <subfield code="2">ddc</subfield>
    <subfield code="4">0</subfield>
    <subfield code="7">0</subfield>
    <subfield code="a">LV</subfield>
    <subfield code="b">LV</subfield>
    <subfield code="c">Pensamiento</subfield>
    <subfield code="d">2014-12-17</subfield>
    <subfield code="l">0</subfield>
    <subfield code="o">306 S677s</subfield>
    <subfield code="p">000342</subfield>
    <subfield code="r">2014-12-17 00:00:00</subfield>
    <subfield code="w">2014-12-17</subfield>
    <subfield code="y">01</subfield>
  </datafield>
</record>
